Os/2 2.0 programming erbert Schildt and Robert Goosey
| Main Author: | |
|---|---|
| Other Authors: | |
| Format: | Book |
| Published: |
California :
Osborne McGraw-Hill ,
1993
|
| Subjects: |
MARC
| LEADER | 00000cam a2200000 7i4500 | ||
|---|---|---|---|
| 001 | 0000009844 | ||
| 002 | 000010721 | ||
| 005 | 20080130.0 | ||
| 020 | |a 0078819105 | ||
| 090 | 0 | 0 | |a 005.43 |b SHI |
| 100 | 1 | |a Shildt, Herbert | |
| 245 | 1 | 0 | |a Os/2 2.0 programming erbert Schildt and Robert Goosey |
| 260 | |a California : |b Osborne McGraw-Hill , |c 1993 | ||
| 300 | |a 306 p. ; |c 24 cm. | ||
| 650 | 0 | 0 | |a Operating system (Computers) |
| 700 | 1 | |a Goosey, Robert | |
| 999 | |a 053061 |b BUKU |c PINJAMAN |e PERPUSTAKAAN KOMUNITI PETALING JAYA | ||